| 000 | 01034cam a2200289 4500 | ||
|---|---|---|---|
| 008 | 090401t1997 xxu||||| |||| 00| 0 eng d | ||
| 020 | _a1898001103 | ||
| 035 | _a(Sirsi) u82687 | ||
| 041 | _aeng | ||
| 050 | _a346.4104346 | ||
| 100 | _aKilcoyne, Desmond | ||
| 245 | _aLeaseholder management: law and practice in the management of social housing. | ||
| 260 |
_aLondon _bLemos & Crane _c1997 |
||
| 300 | _axxvii,187p. ; 22cm. | ||
| 350 | _a17.95 | ||
| 490 |
_aArden`s Housing Library _v9 |
||
| 520 | _aIntended for social landlords who have to balance the interests of tenants and leaseholders and ensure that leaseholders enjoy their legal rights. Includes chapters on service charges, covenants, change of leaseholder or landlord and enfranchisement. | ||
| 650 | _aHOUSING MANAGEMENT | ||
| 650 | _aLEASEHOLDER MANAGEMENT | ||
| 650 | _aLEASEHOLDERS | ||
| 650 | _aSERVICE CHARGES | ||
| 650 | _aSOCIAL HOUSING | ||
| 650 | _aTENANTS | ||
| 690 | _aPROPERTY-LANDLORD AND TENANT | ||
| 942 | _n0 | ||
| 948 | _c16/12/1997 | ||
| 999 |
_c96817 _d96817 |
||